Hari yang kekal diingatan

Bibliographic Details
Format: Book
Published: Kuala Lumpur : Fargoes , 1996
Subjects:

MARC

LEADER 00000cam a2200000 7i4500
001 0000042638
005 20040111.0
008 040111s1996
020 |a 9839106422 
090 0 0 |a JF SIR 
245 0 0 |a Hari yang kekal diingatan 
260 |a Kuala Lumpur :   |b Fargoes ,   |c 1996 
300 |a 23p :   |b col.ill ;   |c 22cm. 
650 0 0 |a Junior Fiction 
999 |a 04918   |b Buku   |c Koleksi Pinjaman Kanak-Kanak   |e Perbadanan Perpustakaan Awam Melaka